00281nam a2200109Ia 4500008004100000041000800041100001700049245003500066260003500101300000800136700002700144250110s9999 xx 000 0 und d aeng aKoshti Pooja aThree Star Hotel At Undri Pune bFinal Year B. Arch, BNCAc2014 a89p aGuide Name:Kanhere G k